000 00377nam a2200145Ia 4500
008 150201s2009 xx 000 0 und d
082 _a617.525
_bF2009K
100 _aKLEINHEING JOHANNES
245 _aFRACTURES OF THE MANDIBULAR CONDYLE
250 _a4TH
260 _bQUINTESSENCE PUBLICATION
_aCHICAGO
_c2009
300 _a1-274
650 _aORAL SURGERY
942 _2ddc
_cBK
999 _c4590
_d4590